Visualizzazione normale
Vista MARC
- Zeffirelli Franco
di Personal Name
Records bibliografici associati: 1
001 - CONTROL NUMBER
- control field: 49571
003 - CONTROL NUMBER IDENTIFIER
- control field: IT-RoPau
005 - DATE AND TIME OF LATEST TRANSACTION
- control field: 20151202092615.0
008 - FIXED-LENGTH DATA ELEMENTS
- fixed length control field: 151202|| aca||aabn | a|a d
040 ## - CATALOGING SOURCE
- Original cataloging agency: IT-RoPau
- Transcribing agency: IT-RoPau
100 ## - HEADING--PERSONAL NAME
- Personal name: Zeffirelli Franco
- Miscellaneous information: Codice regista SPICS: 3356
670 ## - SOURCE DATA FOUND
- Source citation: Work cat.: (IT-RoPau)106943: Zeffirelli Franco Codice regista SPICS: 3356, AMORE SENZA FINE AMORE SENZA FINE (Rif. Codice opera principale : 37332)